000 00387nam a2200145Ia 4500
008 230711s9999||||xx |||||||||||||| ||und||
041 _aENG
082 _a621.3
_bAL-E
100 _aAllison,John
245 0 _aElectronic engineering material and device
250 _a3rd
260 _c1999
_aNew Delhi
_bTata McGraw Hill Education Limited
650 _aElectronics Engineering
942 _cBK
999 _c521
_d521